LDR 00738naa#a2200181#i#450# 001 EN\\bibl\114631 005 20260602001638.2 011 ## _a2588-0209 100 ## _a20260227b2026####ek#y0engy0150####ca 102 ## _aRU 200 1# _aPROBLEMS OF THE CURRENT LAND USE SYSTEM IN THE SUBURBAN TERRITORY OF A LARGE CITY _eJournal article 210 1# _aMoscow _cElectronic science _d2026 215 ## _a19 с. 608 ## _aJournal article _2local 675 ## _aИспользуемые земли. Земельный фонд. 332.334 _aПригородная зона (окружающая территория). Периферийная зона. 911.375.635 _z 700 #1 _aScherba _gValentina Nikolaevna 700 #1 _aSokolov _gNikita Vladimirovich 856 4# _aiacj.ru _u